|
|
|
|
| LEADER |
00000nam0a2200000 4500 |
| 001 |
282886 |
| 005 |
20231101235536.0 |
| 035 |
|
|
|a (RuTPU)RU\TPU\book\306893
|
| 035 |
|
|
|a RU\TPU\book\289831
|
| 090 |
|
|
|a 282886
|
| 100 |
|
|
|a 20150203d1984 k y0rusy5003 ca
|
| 101 |
0 |
|
|a rus
|
| 102 |
|
|
|a RU
|
| 105 |
|
|
|a a z 001zy
|
| 200 |
1 |
|
|a Реактивы и особо чистые вещества
|e научные труды
|f Всесоюзный научно-исследовательский институт химических реактивов и особо чистых химических веществ (ИРЕА) ; гл. ред. Е. А. Рябенко
|
| 210 |
|
|
|a Москва
|c Изд-во ИРЕА
|d 1984
|
| 215 |
|
|
|a 213 с.
|c ил.
|
| 225 |
1 |
|
|a Труды ИРЕА
|v Вып. 46
|x 0136-3869
|
| 320 |
|
|
|a Библиография в конце статей
|
| 606 |
1 |
|
|a Химические вещества, особо чистые
|2 stltpush
|3 (RuTPU)RU\TPU\subj\70571
|9 84790
|
| 606 |
1 |
|
|a Химические реактивы
|2 stltpush
|3 (RuTPU)RU\TPU\subj\73363
|9 86395
|
| 610 |
1 |
|
|a сборники
|
| 610 |
1 |
|
|a органические реагенты
|
| 610 |
1 |
|
|a органические реактивы
|
| 610 |
1 |
|
|a неорганические реактивы
|
| 610 |
1 |
|
|a химический анализ
|
| 675 |
|
|
|a 54-4
|v 4
|
| 675 |
|
|
|a 543-4
|v 4
|
| 702 |
|
1 |
|a Рябенко
|b Е. А.
|4 651
|
| 712 |
0 |
2 |
|a Всесоюзный научно-исследовательский институт химических реактивов и особо чистых химических веществ (ИРЕА)
|2 stltpush
|3 (RuTPU)RU\TPU\col\13967
|
| 801 |
|
0 |
|a RU
|b 63413507
|c 19950417
|g psbo
|
| 801 |
|
1 |
|a RU
|b 63413507
|c 20070329
|g PSBO
|
| 801 |
|
2 |
|a RU
|b 63413507
|c 20231010
|g PSBO
|
| 942 |
|
|
|c BK
|